As 100 Maiores Cidades de Portugal - Statistics

Estatísticas Gerais
  • Esse quiz foi jogado 211 vezes
  • A pontuação média é 40 de 100
Estatísticas das Respostas
População Cidades % Correto
544.851 Lisboa
99%
231.962 Porto
98%
175.836 Braga
97%
115.644 Coimbra
88%
46.266 Faro
88%
118.362 Guimarães
87%
90.449 Setúbal
87%
304.149 Vila Nova de Gaia
86%
68.427 Leiria
84%
24.508 Bragança
81%
58.047 Aveiro
79%
71.483 Viseu
79%
24.074 Beja
78%
34.456 Castelo Branco
78%
171.719 Amadora
77%
43.634 Évora
77%
30.086 Santarém
77%
49.263 Portimão
76%
29.974 Sintra
74%
41.830 Viana do Castelo
74%
58.907 Vila Nova de Famalicão
73%
26.471 Guarda
71%
33.721 Vila Real
71%
114.548 Almada
70%
105.919 Funchal
69%
64.310 Cascais
65%
172.669 Matosinhos
65%
28.640 Albufeira
60%
33.974 Ponta Delgada
53%
55.136 Póvoa de Varzim
53%
63.143 Barreiro
52%
131.358 Maia
51%
40.905 Póvoa de Santa Iria
51%
23.427 Covilhã
50%
30.253 Loures
50%
46.686 Barcelos
49%
31.039 Figueira da Foz
49%
23.671 Lagos
49%
113.552 Odivelas
49%
58.137 Oeiras
49%
29.442 Ovar
48%
112.388 Santa Maria da Feira
46%
31.752 Vila do Conde
46%
30.426 Caldas da Rainha
45%
45.678 Seixal
43%
31.027 Espinho
42%
47.439 Gondomar
42%
20.792 Mafra
42%
28.004 Penafiel
41%
46.831 Montijo
40%
31.478 Olhão da Restauração
40%
27.007 Santo Tirso
40%
27.814 Torres Vedras
40%
25.220 Fafe
36%
81.083 Agualva-Cacém
35%
48.060 Paços de Ferreira
35%
23.903 Vizela
35%
52.242 Oliveira de Azeméis
33%
35.145 Esposende
29%
21.993 Ílhavo
29%
30.533 Trofa
29%
65.430 Rio Tinto
28%
41.208 Valongo
28%
36.525 Alverca do Ribatejo
26%
22.162 São João da Madeira
26%
30.799 Felgueiras
24%
49.376 Amora
20%
33.326 Marinha Grande
20%
39.784 Lousada
19%
24.428 Quarteira
19%
28.649 Câmara de Lobos
15%
47.994 Algés
12%
24.696 Sacavém
11%
68.656 Algueirão-Mem Martins
10%
37.777 São Pedro da Cova
10%
46.535 Carcavelos
9%
48.814 Charneca de Caparica
9%
20.140 Entrocamento
8%
27.010 Pinhal Novo
7%
20.930 Moscavide
6%
28.133 Quinta do Conde
6%
41.438 Santa Cruz
6%
28.540 Santo António dos Cavaleiros
6%
28.061 Vila das Aves
6%
44.484 Santa Iria de Azoia
5%
50.860 Corroios
4%
20.779 Fernão Ferro
4%
34.604 Ramada
4%
49.492 Rio de Mouro
4%
100.329 Quelez
3%
44.102 Alcabideche
2%
33.498 Camarate
2%
36.133 Carnaxide
2%
21.261 Vialonga
2%
30.152 Baixa da Banheira
1%
27.204 Mindelo
1%
39.148 Ermesinda
0%
31.910 Paredas
0%
59.187 Rana
0%
33.216 Riba de Ave
0%
Nenhum quiz correspondente encontrado
Distribuição das Pontuações
Porcentagem de Pessoas com Cada Pontuação
Percentil de Números Respondidos
Sua Pontuação Histórica
Você não jogou esse quiz